000 00379nam a2200157Ia 4500
005 20250520011028.0
008 240331s9999 xx 000 0 und d
020 _a9559261290
082 _bDUR
_a305
100 _aSita Ranjani,
245 0 _aDura gamanak
260 _aColombo
_bWomen's Education & Research centre
_c2004
300 _a48 p .,
650 _aGender
942 _cL
999 _c1538
_d1538